| 000 | 00814nam0a22002651 4500 | ||
|---|---|---|---|
| 001 | rc\3376904 | ||
| 005 | 20191226105610.0 | ||
| 035 | _a(NLR Aleph) 007450423 | ||
| 090 |
_a7209803 _c7209803 |
||
| 100 | _a20130115d1969 |||y0rusy50 ca | ||
| 101 | 0 | _arus | |
| 102 | _aRU | ||
| 105 | _aa z ||||| | ||
| 200 | 1 | _aМавзолей Ленина | |
| 205 | _a[2-е изд., доп.] | ||
| 210 |
_aМосква _cМоск. рабочий _d1969 |
||
| 215 |
_a192 с. _cил. _d15 |
||
| 700 | 1 |
_aАбрамов _bА. С. _cисторик _f1926- _gАлексей Сергеевич _3RU\NLR\AUTH\7729854 |
|
| 702 | 1 |
_aЛенин _bВ. И. _f1870-1924 _gВладимир Ильич _4570 |
|
| 801 | 0 |
_aRU _bNLR _gpsbo |
|
| 801 | 1 |
_aRU _bELAR _2rusmarc |
|
| 852 |
_aNLR _j69-2/2578 |
||
| 942 | _cBOOK | ||
| 980 | _aNB | ||